000 00347nam a2200157Ia 4500
003 OSt
005 20240102043037.0
008 170524s9999 xx 000 0 und d
020 _a9788122416077
040 _ciimtu
100 _aGulati RR
245 0 _aMonochrome and Colour Television
260 _bNew Age
260 _c2007
942 _2ddc
_c02
999 _c5060
_d5060